Új elnököt választottak a rektorok

Elmentve itt :
Bibliográfiai részletek
Dokumentumtípus: Cikk
Megjelent: 2008-06-26
Sorozat:Népszava
Kulcsszavak:Szabó Gábor rektor, a Rektori Konferencia társelnöke
Online Access:http://univ.bibl.u-szeged.hu/36166
LEADER 00450nab a2200145 i 4500
001 univ36166
005 20171214104310.0
008 171214s2008 hu o 0|| zxx d
040 |a SZTE UnivHistória Repozitórium  |b hun 
041 |a zxx 
245 0 0 |a Új elnököt választottak a rektorok  |h [elektronikus dokumentum] 
260 |c 2008-06-26 
490 0 |a Népszava 
561 |a Egyetemi hirarchívum 
695 |a Szabó Gábor rektor, a Rektori Konferencia társelnöke